| 000 | 04010nas a22002897a 4500 | ||
|---|---|---|---|
| 003 | NALT | ||
| 005 | 20250910143317.0 | ||
| 006 | a|||p|r|||| 00| 0 | ||
| 007 | ta | ||
| 008 | 250910b th |||p| |||| 00| 0 tha d | ||
| 040 | _aNALT | ||
| 041 | _atha | ||
| 245 | 0 | 0 | _aดุลพาห ปีที่ 49 เล่ม 2-3 (พฤษภาคม-ธันวาคม 2545). |
| 260 | _aอรุณการพิมพ์. | ||
| 310 | _aรายสี่เดือน. | ||
| 500 | _aวารสารเย็บเล่ม | ||
| 505 | 2 | _aปีที่ 49 เล่ม 2 พ.ค.-ส.ค. 2545 -- เครือข่ายยาบ้าในสังคมไทยศึกษาจากประสบการณ์ของเจ้าหน้าที่ปราบปรามยาเสพติด -- ปัญหาข้อกฎหมายเกี่ยวกับการล่อซื้อ ยาเสพติด -- การรับฟังพยานบุคคล (พยานเดี่ยว) ของศาลในคดีอาญา -- การช่วยเหลือผู้ต้องหาและจำเลยชาวต่างประเทศตามกฎหมายไทย : การจัดหาล่ามในชั้นศาล -- แหล่งสารนิเทศด้านอาชญากรรมและงานยุติธรรม -- แหล่งสารนิเทศด้านอาชญากรรมและงานยุติธรรม -- การเรียนรู้งานและการสอนงาน -- ความรู้สึกมั่นคงในการ ทำงานของลูกจ้างในอุตสาหกรรมอิเล็กทรอนิกส์ในเขตกรุงเทพมหานคร -- คดีต้องห้ามอุทธรณ์ในปัญหาข้อเท็จจริง : คดีที่มีคำขอที่มีทุนทรัพย์และไม่มีทุนทรัพย์. | |
| 505 | 2 | _aปีที่ 49 เล่ม 3 ก.ย.-ธ.ค. 2545 -- การนำปรัชญาอาชญาวิทยามาใช้ในการกำหนดโทษของศาลไทย : ศึกษาเฉพาะกรณีผู้กระทำผิดที่เป็นผู้ร้ายและผู้กระทำความผิด โดยพลั้งพลาด -- เกณฑ์ชี้วัดการตัดสินลงโทษประหารชีวิต -- การสร้างความมั่นใจด้านความปลอดภัยในชีวิตและทรัพย์สินของประชาชนโดยเจ้าหน้าที่ตำรวจ : ศึกษา เฉพาะกรณีในเขตกรุงเทพมหานคร -- ปัจจัยที่มีผลต่อการกระทำความผิดในคดีรุนแรงของเด็กและเยาวชน : ศึกษากรณีเด็กและเยาวชนชายในสถานพินิจและคุ้มครอง เด็กและเยาวชน จังหวัดสุราษฎร์ธานีและจังหวัดสงขลา -- ความผิดอันเกิดจากการใช้เช็คกับคดีฟื้นฟูกิจการ. | |
| 650 | 0 |
_aยาเสพติด _99889 |
|
| 650 | 0 |
_aยาบ้า _96135 |
|
| 650 | 0 |
_aพยานบุคคล _931662 |
|
| 850 | _aNALT | ||
| 866 | _aปีที่ 49 เล่ม 2-3 (พฤษภาคม-ธันวาคม 2545). | ||
| 942 | _cJNR | ||
| 996 |
_aaroonthip.c _bLIBSTF _c2025-09-10 |
||
| 999 |
_c107192 _d107192 |
||
| 998 |
_h179 _j179 _k นางสาวอรุณทิพย์ จันทร์ดิษฐ์ |
||